Catálogo público

Bioestimulantes e inductores para el control de algunas variables de estrés en jitomate (Solanum lycopersicum L.) / (Record no. 219127)

MARC details
000 -CABECERA
campo de control de longitud fija 03212nam a2200313 a 4500
003 - IDENTIFICADOR DEL NÚMERO DE CONTROL
campo de control OSt
005 - FECHA Y HORA DE LA ÚLTIMA TRANSACCIÓN
campo de control 20251111102230.0
007 - CAMPO FIJO DE DESCRIPCIÓN FÍSICA--INFORMACIÓN GENERAL
campo de control de longitud fija cr ||||||a|c|a
008 - DATOS DE LONGITUD FIJA--INFORMACIÓN GENERAL
campo de control de longitud fija 230829s2023 mx a|||fom||| 001 0 spa d
040 ## - FUENTE DE LA CATALOGACIÓN
Normas de descripción rda
100 1# - ENTRADA PRINCIPAL--NOMBRE DE PERSONA
9 (RLIN) 187821
Nombre de persona Bruno Armengolt, Karina
245 10 - MENCIÓN DE TÍTULO
Título Bioestimulantes e inductores para el control de algunas variables de estrés en jitomate (Solanum lycopersicum L.) /
Mención de responsabilidad, etc. por Karina Bruno Armengolt ; director de tesis Domingo Montalvo Hernández.
264 #1 - PRODUCCIÓN, PUBLICACIÓN, DISTRIBUCIÓN, FABRICACIÓN Y COPYRIGHT
Producción, publicación, distribución, fabricación y copyright Chapingo, México :
Nombre del de productor, editor, distribuidor, fabricante El autor,
Fecha de producción, publicación, distribución, fabricación o copyright 2023.
300 ## - DESCRIPCIÓN FÍSICA
Extensión 1 recurso en línea (68 páginas):
Otras características físicas cuadros, figuras.
336 ## - TIPO DE CONTENIDO
Término de tipo de contenido texto
Código de tipo de contenido txt
Fuente rdacontent
337 ## - TIPO DE MEDIO
Nombre/término del tipo de medio computadora
Código del tipo de medio c
Fuente rdamedia
338 ## - TIPO DE SOPORTE
Nombre/término del tipo de soporte recurso en línea
Código del tipo de soporte cr
Fuente rdacarrier
502 ## - NOTA DE TESIS
Tipo de título Ingeniero Agrónomo Especialista en Fitotecnia
Nombre de la institución que otorga el título Departamento de Enseñanza, Investigación y Servicio en Fitotecnia,
Año de obtención del título 2023.
Información miscelánea Licenciatura
504 ## - NOTA DE BIBLIOGRAFÍA, ETC.
Nota de bibliografía, etc. Incluye referencias bibliográficas: páginas 43-49.
520 ## - SUMARIO, ETC.
Sumario, etc. La producción de jitomate en México y en el mundo se ha visto afectada por diferentes factores de estrés en la planta, provocando pérdidas en la producción. La investigación tuvo como objetivo, evaluar el efecto de la aplicación foliar de bio-estimulantes e inductores de resistencia (IR) sobre algunas variables de estrés biótico y abiótico reflejadas en payaseado del fruto, la severidad de la cenicilla (Leveillula taurica) y la incidencia de Clavibacter michiganensis subsp. michiganensis (Cmm) en jitomate (Solanum lycopersicum L.). La parcela experimental se ubicó en invernadero perteneciente a la Universidad Autónoma Chapingo. Se evaluaron cuatro IR, integrados en siete tratamientos (T) en tres aplicaciones con intervalo de siete días, a partir de los 132 días después del trasplante. Se calculó el porcentaje promedio de frutos payaseados (PFP) por calibre, con los datos se hicieron análisis de varianza y pruebas de medias. La severidad de la cenicilla, se evaluó mediante una escala de calificación inicial y otra final, y se aplicó la prueba de Kruskal-Wallis. En cuanto a la incidencia de Cmm, se contabilizó el número promedio de plantas muertas (NPM) por unidad experimental correspondientes a cada tratamiento durante el periodo que comprendió desde el inició de aplicaciones y a los 15 días después de la última aplicación. No hubo diferencia significativa entre los tratamientos sobre el PFP, pero en el cuarto corte el T3 (Defense gr + Supa silica) dio una disminución del 10 % de PFP respecto al T1 (control). El T2 (Defense gr + Barrier) tuvo menor rango medio de severidad (25.3), mientras el control tuvo 59.5. Los tratamientos con menor NPM por Cmm fueron: el T6 (Actigard + Supa silica), el T7 (Actigard + Supa activ 600) y el T2 (Defense gr + Barrier) con 0.75, 1 y 1.25, respectivamente, mientras el control tuvo 6.75.
650 #4 - PUNTO DE ACCESO ADICIONAL DE MATERIA--TÉRMINO DE MATERIA
9 (RLIN) 113735
Término de materia o nombre geográfico como elemento de entrada Tomate
Subdivisión general Maduración
650 #4 - PUNTO DE ACCESO ADICIONAL DE MATERIA--TÉRMINO DE MATERIA
9 (RLIN) 125370
Término de materia o nombre geográfico como elemento de entrada Plantas
Subdivisión general Efectos del estrés
650 #4 - PUNTO DE ACCESO ADICIONAL DE MATERIA--TÉRMINO DE MATERIA
9 (RLIN) 156719
Término de materia o nombre geográfico como elemento de entrada Estrés abiotico
650 #4 - PUNTO DE ACCESO ADICIONAL DE MATERIA--TÉRMINO DE MATERIA
9 (RLIN) 131429
Término de materia o nombre geográfico como elemento de entrada Reguladores de crecimiento de las plantas
Subdivisión general Análisis
650 #4 - PUNTO DE ACCESO ADICIONAL DE MATERIA--TÉRMINO DE MATERIA
9 (RLIN) 108527
Término de materia o nombre geográfico como elemento de entrada Soluciones nutritivas
700 1# - PUNTO DE ACCESO ADICIONAL--NOMBRE DE PERSONA
9 (RLIN) 77714
Nombre de persona Montalvo Hernández, Domingo
Término indicativo de función/relación director.
856 ## - LOCALIZACIÓN Y ACCESO ELECTRÓNICOS
Identificador Uniforme del Recurso http://10.13.5.2/tesis/tl/TL_1610279-5_Bruno-Armengolt_Karina.pdf
Nota pública DESCARGAR PDF
942 ## - ELEMENTOS DE PUNTO DE ACCESO ADICIONAL (KOHA)
Fuente del sistema de clasificación o colocación Clasificación Universidad Autónoma Chapingo
Tipo de ítem Koha Tesis digital
Holdings
Estado de retiro Estado de pérdida Fuente del sistema de clasificación o colocación Estado dañado Restricciones de uso No para préstamo Código de colección Localización permanente Ubicación/localización actual Ubicación en estantería Fecha de adquisición Total de préstamos Signatura topográfica completa Fecha visto por última vez Precio válido a partir de Tipo de ítem Koha
    Clasificación Universidad Autónoma de Chapingo   Préstamo interno   Tesis digitales de Licenciatura Biblioteca Digital Biblioteca Digital En línea 29/08/2023   Tesis digital 29/08/2023 29/08/2023 Tesis digital